000 00254nam a2200109Ia 4500
008 190216s9999||||xx |||||||||||||| ||und||
100 _aPrema Nanda Kumar
245 0 _aHindi-Subramanya Bharathi
260 _bNeruda Books
650 _aHindi
942 _cBK
999 _c15250
_d15250